| 000 | 00512nam a2200169Ia 4500 | ||
|---|---|---|---|
| 999 |
_c855 _d855 |
||
| 003 | OSt | ||
| 005 | 20201224133218.0 | ||
| 008 | 190216s9999||||xx |||||||||||||| ||und|| | ||
| 040 | _coclc | ||
| 082 |
_a297.12203 _bMAN/Q |
||
| 100 |
_aManham, Abdullah _97867 |
||
| 245 | 0 |
_aQuran Shabdha Kosham = A Dictionary Of The Quran / _cAbdullah Manham |
|
| 260 |
_bAl Huda Book Stall, _c2011. _aKozhikode: |
||
| 300 | _a165p | ||
| 650 | _aArabic | ||
| 942 |
_cBK _2ddc _h297.12203 _iMAN/Q _k297.12203 _mMAN/Q |
||